| 000 | 00828nam a2200277 i 4500 | ||
|---|---|---|---|
| 001 | 99372 | ||
| 003 | ES-MaACL | ||
| 005 | 20240409175302.0 | ||
| 007 | t| | ||
| 008 | 050907s1981 sp ||||1| spa d | ||
| 020 | _a84-376-0272-6 | ||
| 080 | _a860-24"19" | ||
| 100 | 1 |
_aMartín Recuerda, José. _977623 |
|
| 245 | 1 | 3 |
_aEl engañao ; _bCaballos desbocaos / _cJosé Martín Recuerda ; edición de Martha T. Halsey y Ángel Cobo. |
| 246 | 3 | _aCaballos desbocaos | |
| 260 |
_aMadrid : _bCátedra, _c1981. |
||
| 300 |
_a293 p. ; _c18 cm. |
||
| 490 | 1 |
_aLetras hispánicas ; _v143 |
|
| 504 | _aBibliografía: p. 65-73. | ||
| 700 | 1 |
_aHalsey, Martha T. _961629 |
|
| 700 | 1 |
_aCobo, Angel. _939344 |
|
| 830 | 1 | 0 |
_aLetras hispánicas ; _v143 _9235703 |
| 852 |
_aES-MaACL _jL-629 |
||
| 942 | _2udc | ||
| 999 |
_c99372 _d99372 |
||